Introduction to opinion and attitude measurement (Record no. 425961)

000 -LEADER
fixed length control field 00355cam a22001217a 4500
008 - FIXED-LENGTH DATA ELEMENTS--GENERAL INFORMATION
fixed length control field 180718b1954 xxu||||| |||| 00| 0 eng d
082 ## - DEWEY DECIMAL CLASSIFICATION NUMBER
Classification number F10651 R285
100 ## - MAIN ENTRY--PERSONAL NAME
Personal name Remmers, H. H.
245 ## - TITLE STATEMENT
Title Introduction to opinion and attitude measurement
Statement of responsibility, etc. by H. H. Remmers
260 ## - PUBLICATION, DISTRIBUTION, ETC.
Place of publication, distribution, etc. New York
Name of publisher, distributor, etc. Harper
Date of publication, distribution, etc. 1954
300 ## - PHYSICAL DESCRIPTION
Extent viii, 437p
650 ## - SUBJECT ADDED ENTRY--TOPICAL TERM
Topical term or geographic name entry element Attitude (Psychology)
Holdings
Withdrawn status Lost status Damaged status Not for loan Permanent Location Current Location Date acquired Full call number Barcode Date last seen Price effective from Koha item type
        Indian Institute of Public Administration Indian Institute of Public Administration 2009-10-20 F10651 R285 3026 2018-07-21 2018-07-21 Book

Powered by Koha